000 00493nam a2200205Ia 4500
003 0100
008 130227s9999 xx 000 0 und d
040 _cARRUPELIB
050 _aBT50.T4813 1999
100 _aAquinas, Thomas
245 _aOn faith and reason
260 _aIndianapolis
260 _bHackett
260 _C1999
300 _axvii
300 _b 293p. 23cm.
650 _bTheology, Doctrinal - History - 20th century
650 _cReligious thought
942 _2lcc
_03
999 _c1471
_d1471